MARC details
| 000 -LEADER |
| fixed length control field |
01180nam a22002657a 4500 |
| 003 - CONTROL NUMBER IDENTIFIER |
| control field |
OSt |
| 005 - DATE AND TIME OF LATEST TRANSACTION |
| control field |
20260321103204.0 |
| 008 - FIXED-LENGTH DATA ELEMENTS--GENERAL INFORMATION |
| fixed length control field |
250904b |||||||| |||| 00| 0 eng d |
| 040 ## - CATALOGING SOURCE |
| Transcribing agency |
0 |
| 082 ## - DEWEY DECIMAL CLASSIFICATION NUMBER |
| Classification number |
DPer 370.15 J826 April-May 2023 v. 115 n. 3-4 |
| 100 ## - MAIN ENTRY--PERSONAL NAME |
| Personal name |
Lichtenfeld, Stephanie. |
| Relator term |
author. |
| 9 (RLIN) |
67288 |
| 245 ## - TITLE STATEMENT |
| Title |
Achievement emotions and elementary school children's academic performance : |
| Remainder of title |
longitudinal models of developmental ordering / |
| Statement of responsibility, etc. |
Stephanie Lichtenfeld, Reinhard Pekrun, Herbert W. Marsh, Ulrike E. Nett, and Kristina Reiss. |
| 260 ## - PUBLICATION, DISTRIBUTION, ETC. (IMPRINT) |
| Place of publication, distribution, etc. |
Washington ; |
| Name of publisher, distributor, etc. |
American Psychological Association , |
| Date of publication, distribution, etc. |
May 2023. |
| 300 ## - PHYSICAL DESCRIPTION |
| Extent |
Volume 115, pages 552-570 : |
| Other physical details |
illustration ; |
| Dimensions |
28 cm. |
| 500 ## - GENERAL NOTE |
| General note |
Journal of Educational Psychology, vol. 115, no. 4, pages 552-570, May 2023. |
| 650 #0 - SUBJECT ADDED ENTRY--TOPICAL TERM |
| Topical term or geographic name as entry element |
Academic achievement. |
| 9 (RLIN) |
44689 |
| 650 #0 - SUBJECT ADDED ENTRY--TOPICAL TERM |
| Topical term or geographic name as entry element |
Educational attainment. |
| 9 (RLIN) |
68464 |
| 650 #0 - SUBJECT ADDED ENTRY--TOPICAL TERM |
| Topical term or geographic name as entry element |
Mathematics anxiety. |
| 9 (RLIN) |
64919 |
| 700 ## - ADDED ENTRY--PERSONAL NAME |
| Personal name |
Lichtenfeld, Stephanie. |
| Relator term |
author. |
| 9 (RLIN) |
67288 |
| 700 ## - ADDED ENTRY--PERSONAL NAME |
| Personal name |
Pekrun, Reinhard. |
| Relator term |
author. |
| 9 (RLIN) |
64371 |
| 700 ## - ADDED ENTRY--PERSONAL NAME |
| Personal name |
Marsh, Herbert W. |
| Relator term |
author. |
| 9 (RLIN) |
64444 |
| 700 ## - ADDED ENTRY--PERSONAL NAME |
| Personal name |
Nett, Ulrike E. |
| Relator term |
author. |
| 9 (RLIN) |
48726 |
| 700 ## - ADDED ENTRY--PERSONAL NAME |
| Personal name |
Reiss, Kristina. |
| Relator term |
author. |
| 9 (RLIN) |
68463 |
| 942 ## - ADDED ENTRY ELEMENTS (KOHA) |
| Source of classification or shelving scheme |
Dewey Decimal Classification |
| Koha item type |
Periodicals |